00485nam a2200145Ia 4500008004100000041000800041082001400049100002000063245004000083260004000123300002400163365000900187999001700196952012600213240624s9999 xx 000 0 und d aeng a332.6 CRA aCRABBE IELAND E aMANAGING A CORPORATE BOND PORTFOLIO c2001aNew YorkbJohn Wiley and Sons a325 : p. : cm. ; 24 cb30 c11219d11219 00104070aIMTNbIMTNcRack 7-Bd2008-10-15eBWEg79.95n4875o332.6 CRAp11219r2024-06-24 00:00:00t48w2024-06-24yBK